Normal view
MARC view
Entry Personal Name
001 - CONTROL NUMBER
- control field: 1235531
003 - CONTROL NUMBER IDENTIFIER
- control field: OSt
005 - DATE AND TIME OF LATEST TRANSACTION
- control field: 20260423143443.0
008 - FIXED-LENGTH DATA ELEMENTS
- fixed length control field: 260423|| aca||aabn | a|a d
040 ## - CATALOGING SOURCE
- Original cataloging agency: OSt
- Transcribing agency: OSt
100 ## - HEADING--PERSONAL NAME
- Personal name: Howard Kingscote
670 ## - SOURCE DATA FOUND
- Source citation: Work cat.: (OSt)1848431: Howard Kingscote, Tales of the Sun or : Folklore of Southern India, 2021
